Score 0/20 Timer 03:00
0 Plays Today
% Correct
Hell's Kitchen
93.5%
Diners, Drive-Ins and Dives
85.2%
Everyday Italian
74.6%
Barefoot Contessa
74.4%
The French Chef
72.9%
The Pioneer Woman
65.9%
Parts Unknown
65.2%
Ace of Cakes
64.4%
Chopped
61.7%
Man v. Food
60.4%
% Correct
Boy Meets Grill
59.8%
Cutthroat Kitchen
58.4%
Bizarre Foods
58.3%
Restaurant: Impossible
57.9%
Top Chef
51.9%
The Great Food Truck Race
41.4%
Cooks vs. Cons
39.5%
Bar Rescue
38.1%
Burgers, Brew & 'Que
37.2%
Cupcake Wars
31.1%
Remove Ads.
Support Sporcle.
Get the best of Sporcle when you Go Orange. This ad-free experience offers more features, more stats, and more fun while also helping to support Sporcle. Thank you for becoming a member.

You're not logged in!

Compare scores with friends on all Sporcle quizzes.
OR
Log In

Show Comments

Extras

Top Quizzes Today


Score Distribution

Your Account Isn't Verified!

In order to create a playlist on Sporcle, you need to verify the email address you used during registration. Go to your Sporcle Settings to finish the process.

Report this User

Report this user for behavior that violates our Community Guidelines.

Details: